Autobiography of a sex worker/ (Record no. 11316)

MARC details
000 -LEADER
fixed length control field 00734 a2200205 4500
010 ## - LIBRARY OF CONGRESS CONTROL NUMBER
LC control number ENG-89763
020 ## - INTERNATIONAL STANDARD BOOK NUMBER
International Standard Book Number 8187675110
Terms of availability 150.00
035 ## - SYSTEM CONTROL NUMBER
System control number EN-73296
037 ## - SOURCE OF ACQUISITION
Source of stock number/acquisition DBAD / PUB
082 14 - DEWEY DECIMAL CLASSIFICATION NUMBER
Classification number 921
090 ## - LOCALLY ASSIGNED LC-TYPE CALL NUMBER (OCLC); LOCAL CALL NUMBER (OCLC)
-- 11633
-- 11633
100 1# - MAIN ENTRY--PERSONAL NAME
Personal name Nalini Jameela,
245 1# - TITLE STATEMENT
Title Autobiography of a sex worker/
Statement of responsibility, etc by Nalini Jameela;translated and with a foreword by J. Devika
260 ## - PUBLICATION, DISTRIBUTION, ETC. (IMPRINT)
Place of publication, distribution, etc Chennai
Name of publisher, distributor, etc Westland Books
Date of publication, distribution, etc 2007
270 ## - ADDRESS
Address 571, Poonamallee High Road, Kamraj Bhavan, Aminjikarai
City Chennai
Postal code 600 002
Electronic mail address ewb@airtelbroadband.in
300 ## - PHYSICAL DESCRIPTION
Extent xv, 143p.
Other physical details 23 cm. (Pbk.)
700 ## - ADDED ENTRY--PERSONAL NAME
Personal name Devika, J.
942 ## - ADDED ENTRY ELEMENTS (KOHA)
Institution code [OBSOLETE] dpl
Koha item type English Books
Call number prefix 921 / NAL
Holdings
Withdrawn status Lost status Source of classification or shelving scheme Damaged status Not for loan Collection code Home library Current library Source of acquisition Cost, normal purchase price Total Checkouts Full call number Barcode Date last seen Copy number Uniform Resource Identifier Cost, replacement price Price effective from Koha item type
    Dewey Decimal Classification   Not For Loan Non-fiction D.B.Act.Division D.B.Act.Division DBAD/PUB 150.00   921 EN-73296 15/09/2008 1 12426 150.00 15/09/2008 English Books

© Delhi Public Library
Hit Counter
free hit counter